000 00957nam1a22002531i 4500
001 v19\rc\2110303
005 20240726001807.0
035 _a(NLR Aleph) 005181691
090 _a5136992
_c5136992
100 _a20090914d1818 |||y0rusy50 ca
101 1 _arus
_cger
102 _aRU
105 _ay z |||a|
200 1 _aЖена разбойника.
_eНовейший роман.
_fСочинение автора Ринальдо-Ринальдини
210 _aМосква
_cв типографии Решетникова
_d1818
215 _a8 т.
_d18° (16 см)
300 _aИмеется вар. 2 тит. л. ч. 1-8 с указанием: Издание второе
321 1 _aСК 1801-1825 1398
700 1 _aВульпиус
_bХ.А.
_f1762-1827
_gХристиан Август
801 0 _aRU
_bNLR
_gpsbo
801 1 _aRU
_bProSoft-M
_2rusmarc
801 2 _aRU
_bNLR
_c20150824
_2rusmarc
852 _aNLR
_j18.264.6.11 (вар. 1)
942 _cBOOK